[Event "Pleven Young Talents (Women)"]
[Site "Pleven"]
[Date "2019.03.26"]
[Round "6"]
[White "Yurasova, Daria"]
[Black "Ivanova, Simoneta"]
[Result "1-0"]
[WhiteElo "2158"]
[BlackElo "2059"]
[PlyCount "113"]
[EventDate "2019.03.22"]
[EventType "tourn"]
[EventRounds "9"]
[EventCountry "BUL"]
[SourceTitle "CBM 189 Extra"]
[Source "ChessBase"]
[SourceDate "2019.05.31"]
[SourceVersion "1"]
[SourceVersionDate "2019.05.31"]
[SourceQuality "1"]

1. d4 d5 2. Nf3 Nf6 3. c4 dxc4 4. e3 Bg4 5. Bxc4 e6 6. Nc3 Nc6 7. 0-0 a6 8. b3 Bd6 9. h3 Bh5 10. Bb2 0-0 11. Be2 Re8 12. Rc1 Qe7 13. Na4 Ne4 14. Nd2 Bxe2 15. Qxe2 Nxd2 16. Qxd2 Rad8 17. Qe2 e5 18. Nc5 Bxc5 19. dxc5 Nb4 20. Rc4 Nd3 21. Bc3 Rd5 22. Qf3 e4 23. Qg3 f5 24. b4 Qf7 25. f3 Rd7 26. Rd4 Rxd4 27. Bxd4 f4 28. Qg4 Qg6 29. Qd7 exf3 30. Rxf3 Ne1 31. Qd5+ Kh8 32. Rxf4 c6 33. Bxg7+ Qxg7 34. Qd2 Qa1 35. Rf1 Nf3+ 36. gxf3 Rg8+ 37. Kf2 Qe5 38. Qd4 Qxd4 39. exd4 Rd8 40. Ke3 Kg7 41. Rg1+ Kf6 42. Rg4 Rd5 43. Rf4+ Kg7 44. Re4 Kf6 45. Kf4 Rf5+ 46. Ke3 Rg5 47. Rf4+ Ke6 48. Rh4 h5 49. Re4+ Kf6 50. Kf4 Rf5+ 51. Kg3 Rg5+ 52. Kh4 Rg2 53. Kxh5 Rxa2 54. Rf4+ Ke6 55. Kg6 Rb2 56. h4 Rxb4 57. d5+ 1-0

[Event "Pleven Young Talents (Women)"]
[Site "Pleven"]
[Date "2019.03.24"]
[Round "3"]
[White "Ivanova, Simoneta"]
[Black "Krasteva, Beloslava"]
[Result "1/2-1/2"]
[WhiteElo "2059"]
[BlackElo "2194"]
[PlyCount "75"]
[EventDate "2019.03.22"]
[EventType "tourn"]
[EventRounds "9"]
[EventCountry "BUL"]
[SourceTitle "CBM 189 Extra"]
[Source "ChessBase"]
[SourceDate "2019.05.31"]
[SourceVersion "1"]
[SourceVersionDate "2019.05.31"]
[SourceQuality "1"]

1. d4 d5 2. c4 e6 3. Nf3 Nf6 4. g3 Be7 5. Bg2 0-0 6. 0-0 dxc4 7. Qc2 a6 8. a4 Bd7 9. Ne5 Bc6 10. Nxc6 Nxc6 11. e3 Na5 12. Nd2 c5 13. dxc5 Rc8 14. b4 cxb3 15. Nxb3 Bxc5 16. Nxc5 b6 17. Nxe6 Rxc2 18. Nxd8 Rxd8 19. e4 h6 20. Ba3 Rd4 21. e5 Ng4 22. Bd6 f6 23. Bh3 Nxe5 24. Be6+ Kh8 25. Bxe5 fxe5 26. Rfe1 Rc5 27. Rad1 Nc6 28. Rc1 Rd6 29. Rxc5 bxc5 30. Bc4 a5 31. Kg2 g5 32. Bb5 Nd4 33. Rxe5 Nxb5 34. axb5 c4 35. Rc5 Rb6 36. Rxc4 Rxb5 37. Rc8+ Kg7 38. Ra8 1/2-1/2

[Event "GRE-chT 46th"]
[Site "Rio Achaia"]
[Date "2018.07.14"]
[Round "6.7"]
[White "Galunova, Tsveta"]
[Black "Ivanova, Simoneta"]
[Result "1-0"]
[WhiteElo "2204"]
[BlackElo "2091"]
[PlyCount "101"]
[EventDate "2018.07.10"]
[EventType "team"]
[EventRounds "7"]
[EventCountry "GRE"]
[SourceTitle "CBM 185 Extra"]
[Source "ChessBase"]
[SourceDate "2018.07.29"]
[SourceVersion "1"]
[SourceVersionDate "2018.07.29"]
[SourceQuality "1"]
[WhiteTeam "Alexandropulis Mas National"]
[BlackTeam "Nepolis"]
[WhiteTeamCountry "GRE"]
[BlackTeamCountry "GRE"]

1. d4 d5 2. c4 c6 3. Nc3 dxc4 4. e4 b5 5. a4 b4 6. Na2 Nf6 7. e5 Nd5 8. Bxc4 e6 9. Nf3 Ba6 10. Qc2 Bxc4 11. Qxc4 Nb6 12. Qc2 Qd5 13. b3 c5 14. a5 N6d7 15. Be3 Nc6 16. dxc5 Ndxe5 17. Nxe5 Qxe5 18. 0-0 Be7 19. Qc4 Qd5 20. Qa6 0-0 21. Rfd1 Qe4 22. Rac1 Rfd8 23. Re1 Qd5 24. h3 Qxb3 25. Qxc6 Qxa2 26. Qb7 Bf6 27. c6 Qxa5 28. c7 Rdc8 29. Qxa8 Rxa8 30. c8Q+ Rxc8 31. Rxc8+ Bd8 32. Rd1 h6 33. Rdxd8+ Kh7 34. Rd7 b3 35. Rb7 Qa1+ 36. Kh2 Qe5+ 37. g3 a5 38. Rxb3 Qd5 39. Ra3 Qb7 40. Rc5 Kg6 41. Rcxa5 Qb2 42. Ra7 h5 43. h4 f5 44. R3a4 e5 45. R4a6+ Kh7 46. Rb6 Qe2 47. Rbb7 f4 48. Rxg7+ Kh6 49. gxf4 e4 50. f5+ Qxe3 51. Rg6# 1-0

[Event "GRE-chT 46th"]
[Site "Rio Achaia"]
[Date "2018.07.12"]
[Round "4.8"]
[White "Ivanova, Simoneta"]
[Black "Borosova, Zuzana"]
[Result "0-1"]
[WhiteElo "2091"]
[BlackElo "2292"]
[PlyCount "120"]
[EventDate "2018.07.10"]
[EventType "team"]
[EventRounds "7"]
[EventCountry "GRE"]
[SourceTitle "CBM 185 Extra"]
[Source "ChessBase"]
[SourceDate "2018.07.29"]
[SourceVersion "1"]
[SourceVersionDate "2018.07.29"]
[SourceQuality "1"]
[WhiteTeam "Nepolis"]
[BlackTeam "OFI"]
[WhiteTeamCountry "GRE"]
[BlackTeamCountry "GRE"]

1. d4 d5 2. c4 c6 3. Nf3 Nf6 4. e3 Bf5 5. Nc3 e6 6. Nh4 Bg6 7. g3 Nbd7 8. Be2 Bd6 9. 0-0 Qc7 10. Bd2 Ne4 11. Nxg6 hxg6 12. Nxe4 dxe4 13. d5 exd5 14. cxd5 c5 15. Qa4 f5 16. b4 0-0 17. Rac1 b6 18. Bc3 g5 19. Qc6 Rad8 20. Qxc7 Bxc7 21. bxc5 Nxc5 22. Bb4 Bd6 23. Bxc5 Bxc5 24. Rc3 Rd6 25. Rd1 Kf7 26. Bf1 Ke7 27. Bh3 g4 28. Bg2 Rh8 29. Rc4 Rdh6 30. Ra4 a5 31. Rc4 Kd6 32. a4 Rxh2 33. Rc2 g5 34. Rc4 R2h6 35. Kf1 Ke5 36. Rc2 Rd6 37. Rcd2 Bb4 38. Rc2 Rhd8 39. Kg1 Rxd5 40. Rxd5+ Rxd5 41. Bf1 Bc5 42. Bc4 Rd1+ 43. Kg2 f4 44. gxf4+ gxf4 45. exf4+ Kxf4 46. Be6 Rd4 47. Bc4 e3 48. fxe3+ Kxe3 49. Re2+ Kf4 50. Bb5 Rd1 51. Bc6 Kg5 52. Re8 Rd2+ 53. Kf1 Kh4 54. Ke1 Bb4 55. Kf1 Kg3 56. Re3+ Kh2 57. Re2+ Rxe2 58. Kxe2 g3 59. Kf1 Bc5 60. Bd5 b5 0-1

[Event "Wch U20 Girls 35th"]
[Site "Tarvisio"]
[Date "2017.11.19"]
[Round "6"]
[White "Ivanova, Simoneta"]
[Black "Petraki, Evaggelia"]
[Result "1-0"]
[WhiteElo "2137"]
[BlackElo "1854"]
[PlyCount "31"]
[EventDate "2017.11.13"]
[EventType "swiss"]
[EventRounds "11"]
[EventCountry "ITA"]
[SourceTitle "CBM 181 Extra"]
[Source "ChessBase"]
[SourceDate "2017.12.12"]
[SourceVersion "1"]
[SourceVersionDate "2017.12.12"]
[SourceQuality "1"]

1. d4 Nf6 2. c4 e6 3. Nc3 Bb4 4. e3 0-0 5. Bd3 d5 6. Nge2 c5 7. 0-0 cxd4 8. exd4 b6 9. Bg5 dxc4 10. Be4 Bd6 11. Bxf6 gxf6 12. Bxa8 Qc7 13. Ng3 Nc6 14. Nb5 Qd7 15. Nxd6 Qxd6 16. Ne4 1-0

[Event "Wch U20 Girls 35th"]
[Site "Tarvisio"]
[Date "2017.11.16"]
[Round "4"]
[White "Ivanova, Simoneta"]
[Black "Shepherd, Katherine M"]
[Result "1/2-1/2"]
[WhiteElo "2137"]
[BlackElo "1918"]
[PlyCount "62"]
[EventDate "2017.11.13"]
[EventType "swiss"]
[EventRounds "11"]
[EventCountry "ITA"]
[SourceTitle "CBM 181 Extra"]
[Source "ChessBase"]
[SourceDate "2017.12.12"]
[SourceVersion "1"]
[SourceVersionDate "2017.12.12"]
[SourceQuality "1"]

1. Nf3 d5 2. c4 c6 3. e3 Nf6 4. Nc3 e6 5. b3 Nbd7 6. Qc2 Bd6 7. Bb2 Qe7 8. Be2 e5 9. cxd5 Nxd5 10. Ne4 Bb8 11. Ng3 g6 12. d4 0-0 13. 0-0 Re8 14. dxe5 Nxe5 15. Nxe5 Bxe5 16. Bxe5 Qxe5 17. Bf3 Be6 18. Qc5 Qc3 19. Qxc3 Nxc3 20. Rfc1 Nd5 21. Ne4 Re7 22. Nc5 Nf6 23. Nxe6 Rxe6 24. Rd1 Rae8 25. Rd3 h5 26. h4 Kg7 27. Rad1 Ng4 28. Bxg4 hxg4 29. g3 f5 30. Rd7+ R6e7 31. Kg2 Kf7 1/2-1/2

[Event "Wch U20 Girls 35th"]
[Site "Tarvisio"]
[Date "2017.11.13"]
[Round "1"]
[White "Figueroa Bernal, Julia Dennis Paloma"]
[Black "Ivanova, Simoneta"]
[Result "0-1"]
[WhiteElo "1690"]
[BlackElo "2137"]
[PlyCount "82"]
[EventDate "2017.11.13"]
[EventType "swiss"]
[EventRounds "11"]
[EventCountry "ITA"]
[SourceTitle "CBM 181 Extra"]
[Source "ChessBase"]
[SourceDate "2017.12.12"]
[SourceVersion "1"]
[SourceVersionDate "2017.12.12"]
[SourceQuality "1"]

1. e4 d6 2. d4 Nf6 3. Nc3 Nbd7 4. Be3 e5 5. Nf3 Be7 6. dxe5 dxe5 7. Bc4 0-0 8. 0-0 c6 9. h3 b5 10. Bd3 Qc7 11. Ne2 Nc5 12. Ng3 Rd8 13. Qe2 a5 14. Bxc5 Bxc5 15. a4 b4 16. Bc4 h6 17. Nh4 Bd4 18. Rab1 Re8 19. Nhf5 Be6 20. Bxe6 Rxe6 21. Nh5 Nxh5 22. Qxh5 Rd8 23. Qg4 Rg6 24. Qh4 Kh7 25. Rbd1 Rd7 26. Nxd4 Rxd4 27. Rxd4 exd4 28. Qh5 Rg5 29. Qd1 Qd7 30. f4 Rg3 31. Kh2 Re3 32. Re1 Rxe1 33. Qxe1 c5 34. b3 c4 35. Qd1 cxb3 36. cxb3 d3 37. Kg3 d2 38. Kf2 Qd3 39. f5 Qxe4 40. Qxd2 Qxf5+ 41. Ke3 Qe6+ 0-1

[Event "GRE-chT 45th"]
[Site "Achaia"]
[Date "2017.07.06"]
[Round "5.3"]
[White "Ratsma, Rosa"]
[Black "Ivanova, Simoneta"]
[Result "1-0"]
[WhiteElo "2194"]
[BlackElo "2158"]
[PlyCount "75"]
[EventDate "2017.07.03"]
[EventType "team-swiss"]
[EventRounds "7"]
[EventCountry "GRE"]
[SourceTitle "CBM 179 Extra"]
[Source "ChessBase"]
[SourceDate "2017.08.23"]
[SourceVersion "1"]
[SourceVersionDate "2017.08.23"]
[SourceQuality "1"]
[WhiteTeam "Glyfadas Zenon"]
[BlackTeam "Sykeon Neapolis"]
[WhiteTeamCountry "GRE"]
[BlackTeamCountry "GRE"]

1. e4 e5 2. Nf3 Nc6 3. Bb5 Nge7 4. 0-0 a6 5. Ba4 g6 6. c3 Bg7 7. d4 exd4 8. cxd4 b5 9. Bc2 d5 10. exd5 Nb4 11. Bb3 Nbxd5 12. Bg5 Qd6 13. a4 b4 14. Nbd2 0-0 15. Ne4 Qb6 16. a5 Qa7 17. Ne5 f6 18. Nc6 Nxc6 19. Bxd5+ Kh8 20. Be3 Ne7 21. Bxa8 Qxa8 22. Nc5 Nd5 23. Qd2 Nxe3 24. Qxe3 Qd5 25. Rfe1 f5 26. Rad1 f4 27. Qe4 Qh5 28. Ne6 Bxe6 29. Qxe6 f3 30. g3 Qxa5 31. b3 Qb5 32. Rc1 Bxd4 33. Rxc7 Bg7 34. Qe7 Rg8 35. Rd7 Qb6 36. Red1 Qc6 37. Rd8 h6 38. Qf7 1-0

[Event "GRE-chT 45th"]
[Site "Achaia"]
[Date "2017.07.04"]
[Round "2.15"]
[White "Vafiadou, Asimenia"]
[Black "Ivanova, Simoneta"]
[Result "1/2-1/2"]
[WhiteElo "1692"]
[BlackElo "2158"]
[PlyCount "68"]
[EventDate "2017.07.03"]
[EventType "team-swiss"]
[EventRounds "7"]
[EventCountry "GRE"]
[SourceTitle "CBM 179 Extra"]
[Source "ChessBase"]
[SourceDate "2017.08.23"]
[SourceVersion "1"]
[SourceVersionDate "2017.08.23"]
[SourceQuality "1"]
[WhiteTeam "Triandrias Chess Intervention"]
[BlackTeam "Sykeon Neapolis"]
[WhiteTeamCountry "GRE"]
[BlackTeamCountry "GRE"]

1. d4 Nf6 2. Nf3 e6 3. Bg5 d6 4. Nbd2 h6 5. Bh4 g5 6. Bg3 Nh5 7. e4 Bg7 8. c3 Qe7 9. e5 Nxg3 10. hxg3 Nd7 11. Nc4 Nb6 12. exd6 cxd6 13. Nxb6 axb6 14. Bb5+ Bd7 15. Bxd7+ Qxd7 16. Qb3 b5 17. Rd1 Ra6 18. a3 Qc6 19. Qc2 Qd5 20. Qe2 0-0 21. 0-0 Re8 22. Rfe1 Rc6 23. g4 Rcc8 24. Rd3 Re7 25. Re3 Rce8 26. Qc2 Qc6 27. Qe4 Qxe4 28. Rxe4 Kf8 29. Kf1 f6 30. Rd1 d5 31. Re3 Rd8 32. Rde1 Rde8 33. Rd1 Rd8 34. Rde1 Rde8 1/2-1/2

[Event "BUL-ch (Women) 66th"]
[Site "Pleven"]
[Date "2017.03.06"]
[Round "9"]
[White "Salimova, Nurgyul"]
[Black "Ivanova, Simoneta"]
[Result "1/2-1/2"]
[WhiteElo "2091"]
[BlackElo "2153"]
[PlyCount "61"]
[EventDate "2017.02.26"]
[EventType "tourn"]
[EventRounds "9"]
[EventCountry "BUL"]
[SourceTitle "CBM 177 Extra"]
[Source "ChessBase"]
[SourceDate "2017.04.27"]
[SourceVersion "1"]
[SourceVersionDate "2017.04.27"]
[SourceQuality "1"]

1. d4 d5 2. c4 c6 3. cxd5 cxd5 4. Nf3 Nc6 5. Nc3 Nf6 6. Bf4 a6 7. e3 Bg4 8. Be2 e6 9. Ne5 Bxe2 10. Qxe2 Bd6 11. Nd3 0-0 12. 0-0 Rc8 13. Rac1 Re8 14. Rfd1 Na5 15. Bxd6 Qxd6 16. Na4 Nc4 17. b3 Nb6 18. Nxb6 Qxb6 19. Rxc8 Rxc8 20. Qb2 Ne4 21. Rc1 Qd8 22. Rxc8 Qxc8 23. Qc1 Qxc1+ 24. Nxc1 Nc3 25. Kf1 Kf8 26. Ke1 Ke7 27. Kd2 Ne4+ 28. Ke2 Kd6 29. f3 Nc3+ 30. Kd2 Nb5 31. Nd3 1/2-1/2

[Event "BUL-ch (Women) 66th"]
[Site "Pleven"]
[Date "2017.03.05"]
[Round "8"]
[White "Ivanova, Simoneta"]
[Black "Peycheva, Gergana"]
[Result "1/2-1/2"]
[WhiteElo "2153"]
[BlackElo "2133"]
[PlyCount "97"]
[EventDate "2017.02.26"]
[EventType "tourn"]
[EventRounds "9"]
[EventCountry "BUL"]
[SourceTitle "CBM 177 Extra"]
[Source "ChessBase"]
[SourceDate "2017.04.27"]
[SourceVersion "1"]
[SourceVersionDate "2017.04.27"]
[SourceQuality "1"]

1. d4 Nf6 2. Bg5 e6 3. e4 h6 4. Bxf6 Qxf6 5. c3 d5 6. Nd2 Qd8 7. Bd3 c5 8. Ne2 Nc6 9. 0-0 cxd4 10. cxd4 Be7 11. a3 dxe4 12. Bxe4 Nxd4 13. Qa4+ Nc6 14. Nd4 0-0 15. Nxc6 bxc6 16. Bxc6 Rb8 17. Rfd1 Qc7 18. b4 Bb7 19. Rac1 Rfc8 20. b5 Bxc6 21. Rxc6 Qb7 22. Rdc1 Rd8 23. Rc7 Qxb5 24. Qxb5 Rxb5 25. Rxe7 Rxd2 26. Rxa7 Rbb2 27. Rf1 Ra2 28. g3 e5 29. Ra4 Re2 30. Ra8+ Kh7 31. Ra7 Kg6 32. h4 h5 33. Ra4 e4 34. Kg2 e3 35. Rf4 Rxa3 36. Kf3 Rxf2+ 37. Rxf2 exf2+ 38. Kxf2 f6 39. Rb4 Kf5 40. Rf4+ Ke5 41. Rb4 Rd3 42. Rb7 g6 43. Re7+ Kf5 44. Kg2 Rd4 45. Kf3 Rd5 46. Re8 Rd3+ 47. Kg2 Rd4 48. Kf3 Ra4 49. Re7 1/2-1/2

[Event "Wch U18 Girls"]
[Site "Porto Carras"]
[Date "2015.11.02"]
[Round "8"]
[White "Ivanova, Simoneta"]
[Black "Derakhshani, Dorsa"]
[Result "0-1"]
[WhiteElo "2121"]
[BlackElo "2356"]
[PlyCount "108"]
[EventDate "2015.10.25"]
[EventType "swiss"]
[EventRounds "11"]
[EventCountry "GRE"]
[SourceTitle "CBM 169 Extra"]
[Source "ChessBase"]
[SourceDate "2015.12.18"]
[SourceVersion "1"]
[SourceVersionDate "2015.12.18"]
[SourceQuality "1"]

1. c4 Nf6 2. Nc3 g6 3. d4 Bg7 4. e4 d6 5. Nf3 0-0 6. h3 e5 7. d5 Nh5 8. g3 f5 9. exf5 gxf5 10. Ng5 Qe8 11. c5 Nf6 12. g4 h6 13. Ne6 Bxe6 14. dxe6 Qxe6 15. gxf5 Qxf5 16. Be3 Nc6 17. Qb3+ Kh8 18. 0-0-0 Nd4 19. Bxd4 exd4 20. Rxd4 Qf3 21. Rh2 Rae8 22. Qd1 Nd7 23. Be2 Qf5 24. Rg4 h5 25. Qd2 Be5 26. Bd3 Bf4 27. Bxf5 Bxd2+ 28. Kxd2 Rxf5 29. cxd6 Ne5 30. Re4 Ref8 31. Ke2 cxd6 32. Rg2 Kh7 33. Nd5 Ng6 34. Ne7 Nf4+ 35. Kf1 Rc5 36. Rg3 Rc1+ 37. Re1 Rxe1+ 38. Kxe1 Re8 39. Ra3 Rxe7+ 40. Kf1 a6 41. Rf3 Re4 42. Rb3 b5 43. Ra3 Ra4 44. Rf3 Kg6 45. a3 Re4 46. Rc3 Rc4 47. Rg3+ Kf5 48. Ke1 Re4+ 49. Kf1 h4 50. Rg8 Nxh3 51. Kg2 Rg4+ 52. Rxg4 Kxg4 53. f3+ Kf4 54. Kxh3 Kxf3 0-1

[Event "Pleven op 2nd"]
[Site "Pleven"]
[Date "2015.10.18"]
[Round "5"]
[White "Raev, Rostislav"]
[Black "Ivanova, Simoneta"]
[Result "1-0"]
[WhiteElo "2238"]
[BlackElo "2121"]
[PlyCount "51"]
[EventDate "2015.10.17"]
[EventType "swiss"]
[EventRounds "7"]
[EventCountry "BUL"]
[SourceTitle "CBM 168 Extra"]
[Source "ChessBase"]
[SourceDate "2015.10.29"]
[SourceVersion "1"]
[SourceVersionDate "2015.10.29"]
[SourceQuality "1"]

1. c4 c5 2. Nc3 Nc6 3. g3 g6 4. Bg2 Bg7 5. e3 Bxc3 6. dxc3 b6 7. e4 Bb7 8. Ne2 d6 9. h4 h5 10. Nf4 Qd7 11. Nd5 e6 12. Ne3 0-0-0 13. f4 f5 14. 0-0 Nf6 15. exf5 gxf5 16. Re1 Rhg8 17. Nf1 Na5 18. b3 Bxg2 19. Kxg2 Ne4 20. Qxh5 Rg7 21. Qf3 Rh8 22. Rxe4 fxe4 23. Qxe4 d5 24. Qf3 Rxh4 25. Be3 Nc6 26. Rd1 1-0

[Event "Braila Albulet Memorial (Women) 8th"]
[Site "Braila"]
[Date "2015.09.16"]
[Round "9"]
[White "Ivanova, Simoneta"]
[Black "Gitu, Paula Alexandra"]
[Result "1-0"]
[WhiteElo "2153"]
[BlackElo "2013"]
[PlyCount "135"]
[EventDate "2015.09.10"]
[EventType "swiss"]
[EventRounds "9"]
[EventCountry "ROU"]
[SourceTitle "EXT 2016"]
[Source "ChessBase"]
[SourceDate "2015.10.08"]
[SourceVersion "1"]
[SourceVersionDate "2015.10.08"]
[SourceQuality "1"]

1. d4 d6 2. Nf3 Nd7 3. c4 e5 4. Nc3 Ngf6 5. e4 Be7 6. Be2 c6 7. 0-0 0-0 8. Qc2 Qc7 9. Rd1 Re8 10. h3 Bf8 11. Bg5 g6 12. Rac1 Bg7 13. b4 b6 14. Be3 Bf8 15. Qb1 Bb7 16. Rd2 a6 17. d5 c5 18. Rb2 Rab8 19. a3 Bg7 20. Qc2 Ra8 21. Rcb1 Reb8 22. Nd2 Bf8 23. Qa4 Be7 24. bxc5 bxc5 25. f4 Bd8 26. Nf3 Bc8 27. fxe5 dxe5 28. Qc6 Rxb2 29. Rxb2 Ra7 30. Bd3 Rb7 31. Rxb7 Bxb7 32. Qa4 Be7 33. Qc2 Bd6 34. Nd2 Qa5 35. Qb2 Qb6 36. Nb3 Qc7 37. Na4 Bc8 38. Qf2 Kg7 39. Naxc5 Nxc5 40. Bxc5 Bxc5 41. Qxc5 Qb7 42. Qb4 Qc7 43. c5 Nh5 44. c6 Nf4 45. Bf1 Qd8 46. Qb8 Nxh3+ 47. gxh3 Qg5+ 48. Kh1 Qf4 49. Bg2 Bxh3 50. Bxh3 Qxe4+ 51. Kg1 Qe1+ 52. Kg2 Qe2+ 53. Kg3 Qe3+ 54. Kh2 Qf2+ 55. Bg2 Qh4+ 56. Kg1 Qe1+ 57. Bf1 Qg3+ 58. Kh1 Qf3+ 59. Bg2 Qd1+ 60. Kh2 Qh5+ 61. Kg3 Qg5+ 62. Kf2 Qf4+ 63. Ke2 Qc4+ 64. Kd2 Qf4+ 65. Kc3 Qe3+ 66. Kb4 Qe1+ 67. Ka4 Qh4+ 68. Qb4 1-0

[Event "Braila Albulet Memorial (Women) 8th"]
[Site "Braila"]
[Date "2015.09.14"]
[Round "6"]
[White "Ardelean, Lorela Daniela"]
[Black "Ivanova, Simoneta"]
[Result "0-1"]
[WhiteElo "1841"]
[BlackElo "2153"]
[PlyCount "52"]
[EventDate "2015.09.10"]
[EventType "swiss"]
[EventRounds "9"]
[EventCountry "ROU"]
[SourceTitle "EXT 2016"]
[Source "ChessBase"]
[SourceDate "2015.10.08"]
[SourceVersion "1"]
[SourceVersionDate "2015.10.08"]
[SourceQuality "1"]

1. e4 d6 2. d4 Nf6 3. Nc3 Nbd7 4. Be3 e5 5. d5 c6 6. f3 Be7 7. Qd2 Qc7 8. 0-0-0 Nb6 9. g4 cxd5 10. Nxd5 Nfxd5 11. exd5 Bd7 12. Kb1 0-0 13. h4 f5 14. Bg5 Bf6 15. Bh3 Nc4 16. Qc3 Rac8 17. Ne2 Qb6 18. Qb3 Qa6 19. Nc3 b5 20. Bf1 fxg4 21. fxg4 Bxg4 22. Rd3 Bxg5 23. hxg5 Bf3 24. Rh2 Qb6 25. Nxb5 Qg1 26. Rxf3 Qxf1+ 0-1

[Event "Braila Albulet Memorial (Women) 8th"]
[Site "Braila"]
[Date "2015.09.14"]
[Round "7"]
[White "Ivanova, Simoneta"]
[Black "Cimpean, Andra"]
[Result "1/2-1/2"]
[WhiteElo "2153"]
[BlackElo "1856"]
[PlyCount "78"]
[EventDate "2015.09.10"]
[EventType "swiss"]
[EventRounds "9"]
[EventCountry "ROU"]
[SourceTitle "EXT 2016"]
[Source "ChessBase"]
[SourceDate "2015.10.08"]
[SourceVersion "1"]
[SourceVersionDate "2015.10.08"]
[SourceQuality "1"]

1. d4 f5 2. c4 e6 3. Nc3 Bb4 4. Bd2 Nf6 5. f3 Nc6 6. a3 Be7 7. e3 a5 8. Bd3 d6 9. Qc2 g6 10. Nge2 e5 11. 0-0 0-0 12. Rab1 Bd7 13. b4 axb4 14. axb4 Re8 15. Qb3 Kh8 16. c5 d5 17. Bb5 exd4 18. exd4 Na7 19. Bxd7 Qxd7 20. b5 c6 21. b6 Nc8 22. Rfe1 Nh5 23. Nf4 Nxf4 24. Bxf4 Bf6 25. Qb4 g5 26. Be5 Bxe5 27. dxe5 f4 28. e6 Rxe6 29. Qd4+ Kg8 30. Kf2 Ra5 31. Rxe6 Qxe6 32. Re1 Qf7 33. Re5 Qg6 34. Ne4 dxe4 35. Qd8+ Kg7 36. Rxg5 e3+ 37. Kf1 Ra1+ 38. Ke2 Ra2+ 39. Ke1 Ra1+ 1/2-1/2

[Event "BUL-ch (Women) 64th"]
[Site "Pleven"]
[Date "2015.04.26"]
[Round "9"]
[White "Ivanova, Simoneta"]
[Black "Andreeva, Plamena"]
[Result "0-1"]
[WhiteElo "2036"]
[BlackElo "2074"]
[PlyCount "98"]
[EventDate "2015.04.18"]
[EventType "tourn"]
[EventRounds "10"]
[EventCountry "BUL"]
[SourceTitle "CBM 166 Extra"]
[Source "ChessBase"]
[SourceDate "2015.06.18"]
[SourceVersion "1"]
[SourceVersionDate "2015.06.18"]
[SourceQuality "1"]

1. d4 g6 2. c4 Bg7 3. e4 d6 4. Nc3 Nd7 5. Be3 e5 6. d5 Ngf6 7. h3 Nc5 8. Qc2 a5 9. g4 0-0 10. Nf3 Qe7 11. Be2 Ne8 12. Rg1 c6 13. h4 f5 14. gxf5 gxf5 15. Bg5 Qf7 16. Nd2 f4 17. h5 Kh8 18. 0-0-0 Bd7 19. Rg2 Rg8 20. Rdg1 Bf6 21. Nf3 Qe7 22. Qd1 Bxg5 23. Rxg5 Nf6 24. Nd2 Rxg5 25. Rxg5 Nxd5 26. Qg1 Nxc3 27. bxc3 Qf7 28. h6 Rg8 29. Bh5 Rxg5 30. Qxg5 Qf8 31. f3 Ne6 32. Qg4 Qf6 33. Nb3 a4 34. Na5 Nc5 35. Qg2 Qxh6 36. Qh2 Be8 37. Qh4 Bxh5 38. Qd8+ Kg7 39. Qe7+ Bf7 40. Nxb7 Qh1+ 41. Kb2 a3+ 42. Kxa3 Qc1+ 43. Kb4 Qb2+ 44. Ka5 Nxb7+ 45. Ka6 Nc5+ 46. Ka7 Qxa2+ 47. Kb8 Qxc4 48. Qg5+ Bg6 49. Qe7+ Qf7 0-1

[Event "BUL-ch (Women) 64th"]
[Site "Pleven"]
[Date "2015.04.18"]
[Round "1"]
[White "Yordanova, Svetla"]
[Black "Ivanova, Simoneta"]
[Result "1-0"]
[WhiteElo "2101"]
[BlackElo "2036"]
[PlyCount "61"]
[EventDate "2015.04.18"]
[EventType "tourn"]
[EventRounds "10"]
[EventCountry "BUL"]
[SourceTitle "CBM 166 Extra"]
[Source "ChessBase"]
[SourceDate "2015.06.18"]
[SourceVersion "1"]
[SourceVersionDate "2015.06.18"]
[SourceQuality "1"]

1. e4 c5 2. c3 d5 3. exd5 Qxd5 4. d4 Nc6 5. Nf3 Bf5 6. Be3 Nf6 7. Na3 cxd4 8. Nxd4 Nxd4 9. Qxd4 e5 10. Qa4+ Bd7 11. Bb5 Bxa3 12. Bxd7+ Nxd7 13. Qxa3 f5 14. 0-0 Qe6 15. Rfe1 Kf7 16. Rad1 Nf6 17. Rd6 Qc4 18. f4 e4 19. Rd4 Qc7 20. Qb3+ Kg6 21. Rc4 Qf7 22. h3 Rhd8 23. Bd4 Rd7 24. g4 fxg4 25. f5+ Kxf5 26. Bxf6 gxf6 27. Rexe4 Rad8 28. Qc2 Rd1+ 29. Re1+ R1d3 30. Rd4 R8xd4 31. cxd4 1-0

[Event "EU-ch U18 Girls 24th"]
[Site "Batumi"]
[Date "2014.10.23"]
[Round "5"]
[White "Soyunlu, Narmin Asat Qizi"]
[Black "Ivanova, Simoneta"]
[Result "0-1"]
[WhiteElo "1893"]
[BlackElo "2108"]
[PlyCount "96"]
[EventDate "2014.10.19"]
[EventType "swiss"]
[EventRounds "9"]
[EventCountry "GEO"]
[SourceTitle "EXT 2015"]
[Source "ChessBase"]
[SourceDate "2014.11.20"]
[SourceVersion "1"]
[SourceVersionDate "2014.11.20"]
[SourceQuality "1"]

1. Nf3 c5 2. g3 Nf6 3. Bg2 Nc6 4. c4 d5 5. cxd5 Nxd5 6. Nc3 Nc7 7. d3 e5 8. 0-0 Be7 9. Nd2 Bd7 10. Nc4 f6 11. f4 b5 12. Ne3 Rc8 13. Ned5 Nxd5 14. Nxd5 exf4 15. Nxf4 Bd6 16. e4 0-0 17. Be3 Ne5 18. Kh1 Kh8 19. Rc1 Qa5 20. a3 Rfd8 21. Nd5 Bg4 22. Qc2 Qa6 23. Nf4 Bf8 24. h3 Bd7 25. Rfd1 Be8 26. Qf2 Nd7 27. d4 cxd4 28. Bxd4 Ne5 29. Bxe5 fxe5 30. Rxd8 Rxd8 31. Nd5 Bd6 32. Qf5 Bg6 33. Qe6 Qb7 34. Rd1 Qf7 35. Qg4 Bh5 36. Qg5 Be7 37. Nxe7 Rxd1+ 38. Kh2 Bf3 39. Qxe5 Rd8 40. Qg5 Re8 41. Nf5 Bxg2 42. Kxg2 Rxe4 43. Qd8+ Qe8 44. Qxe8+ Rxe8 45. Nd4 a6 46. Kf3 Re1 47. b3 Ra1 48. Nc2 Ra2 0-1

[Event "EU-ch U18 Girls 24th"]
[Site "Batumi"]
[Date "2014.10.20"]
[Round "2"]
[White "Ivanova, Simoneta"]
[Black "Mammadzada, Gunay Vuqar Qizi"]
[Result "0-1"]
[WhiteElo "2108"]
[BlackElo "2316"]
[PlyCount "60"]
[EventDate "2014.10.19"]
[EventType "swiss"]
[EventRounds "9"]
[EventCountry "GEO"]
[SourceTitle "EXT 2015"]
[Source "ChessBase"]
[SourceDate "2014.11.20"]
[SourceVersion "1"]
[SourceVersionDate "2014.11.20"]
[SourceQuality "1"]

1. d4 d5 2. Bf4 Nf6 3. e3 c5 4. Nc3 a6 5. dxc5 Nc6 6. a3 h6 7. Nf3 g5 8. Bg3 Bg7 9. Nd4 0-0 10. Bd3 Re8 11. h4 e5 12. Nf5 Bxf5 13. Bxf5 Ne7 14. hxg5 hxg5 15. Bd3 e4 16. Be2 Nf5 17. Bh2 d4 18. exd4 e3 19. Be5 exf2+ 20. Kxf2 Rxe5 21. dxe5 Qc7 22. b4 Qxe5 23. Rh3 g4 24. Rd3 Bh6 25. Qh1 Be3+ 26. Ke1 Bd4 27. Rxd4 Qxd4 28. Ra2 Qxc3+ 29. Kd1 Ne4 30. Qe1 Ne3+ 0-1